[Event "GER-ch Net Amateur Gr-B Vor3"]
[Site "Playchess.com INT"]
[Date "2020.04.16"]
[Round "2"]
[White "Heiser, Quentin"]
[Black "Matthies, Alexander"]
[Result "1-0"]
[WhiteElo "1588"]
[BlackElo "1423"]
[PlyCount "31"]
[EventDate "2020.04.16"]
[EventType "swiss (blitz)"]
[EventRounds "9"]
[EventCountry "GER"]
[SourceTitle "CBM 195 Extra"]
[Source "ChessBase"]
[SourceDate "2020.05.31"]
[SourceVersion "1"]
[SourceVersionDate "2020.05.31"]
[SourceQuality "1"]

1. e4 c5 2. Nf3 d6 3. d4 cxd4 4. Nxd4 Nf6 5. Nc3 a6 6. Bg5 e6 7. f4 Be7 8. Qd2 Nbd7 9. Bc4 b5 10. Bxe6 fxe6 11. Nxe6 Qb6 12. Nxg7+ Kf7 13. Nf5 Re8 14. Nd5 Nxd5 15. Qxd5+ Kf8 16. Bh6# 1-0

[Event "GER-ch Net Amateur Gr-B Vor3"]
[Site "Playchess.com INT"]
[Date "2020.04.16"]
[Round "1"]
[White "Matthies, Alexander"]
[Black "Schubert, Joachim"]
[Result "0-1"]
[WhiteElo "1431"]
[BlackElo "1644"]
[PlyCount "88"]
[EventDate "2020.04.16"]
[EventType "swiss (blitz)"]
[EventRounds "9"]
[EventCountry "GER"]
[SourceTitle "CBM 195 Extra"]
[Source "ChessBase"]
[SourceDate "2020.05.31"]
[SourceVersion "1"]
[SourceVersionDate "2020.05.31"]
[SourceQuality "1"]

1. e4 c5 2. Nc3 Nc6 3. g3 d6 4. Bg2 e6 5. d3 Be7 6. Nge2 Nf6 7. f4 a6 8. 0-0 Qc7 9. Be3 0-0 10. h3 Rb8 11. g4 b5 12. Qd2 Bb7 13. g5 Ne8 14. f5 exf5 15. exf5 f6 16. g6 Nb4 17. Nf4 Bxg2 18. Nxg2 d5 19. Bf4 Bd6 20. a3 Nc6 21. Nxd5 Bxf4 22. Ngxf4 Qe5 23. gxh7+ Kxh7 24. Qg2 Qxf5 25. Rae1 Rb7 26. Ne6 Rbf7 27. Rxf5 Rg8 28. Ndf4 g6 29. Nxg6 Rxg6 30. Rh5+ Rh6 31. Rxh6+ Kxh6 32. Qg4 Ne5 33. Qh4+ Kg6 34. Nf4+ Kg7 35. Nh5+ Kf8 36. Re2 Nf3+ 37. Kf2 Nxh4 38. Nf4 Nd6 39. Ne6+ Kg8 40. Re3 Nhf5 41. Rf3 Rh7 42. Kg2 Kf7 43. Nd8+ Ke8 44. Nc6 Nh4+ 0-1

[Event "GER-ch Net Amateur Gr-B Vor2"]
[Site "Playchess.com INT"]
[Date "2020.04.15"]
[Round "5"]
[White "Matthies, Alexander"]
[Black "Apelt, Andreas"]
[Result "1-0"]
[WhiteElo "1430"]
[BlackElo "1620"]
[PlyCount "51"]
[EventDate "2020.04.15"]
[EventType "swiss (blitz)"]
[EventRounds "9"]
[EventCountry "GER"]
[SourceTitle "CBM 196 Extra"]
[Source "ChessBase"]
[SourceDate "2020.07.31"]
[SourceVersion "1"]
[SourceVersionDate "2020.07.31"]
[SourceQuality "1"]

1. d4 Nf6 2. Bf4 d5 3. Nf3 e6 4. e3 Bd6 5. Ne5 Nbd7 6. Bd3 c5 7. c3 Bc7 8. 0-0 c4 9. Bc2 Nxe5 10. Bxe5 Bxe5 11. dxe5 Nd7 12. f4 Qb6 13. b3 Qxe3+ 14. Kh1 b5 15. Qg4 g6 16. Na3 a6 17. bxc4 dxc4 18. Qf3 Qa7 19. Be4 Rb8 20. Rad1 Nc5 21. Bc6+ Ke7 22. Nc2 Bd7 23. Nd4 Nd3 24. Qg3 Rhc8 25. Qg5+ Ke8 26. Bxd7+ 1-0

[Event "GER-ch Net Amateur Gr-B Vor2"]
[Site "Playchess.com INT"]
[Date "2020.04.15"]
[Round "8"]
[White "Matthies, Alexander"]
[Black "Drescher, Werner"]
[Result "1-0"]
[WhiteElo "1422"]
[BlackElo "1520"]
[PlyCount "67"]
[EventDate "2020.04.15"]
[EventType "swiss (blitz)"]
[EventRounds "9"]
[EventCountry "GER"]
[SourceTitle "CBM 196 Extra"]
[Source "ChessBase"]
[SourceDate "2020.07.31"]
[SourceVersion "1"]
[SourceVersionDate "2020.07.31"]
[SourceQuality "1"]

1. e4 e5 2. Nf3 Nf6 3. Nc3 Nc6 4. Bc4 Bb4 5. d3 0-0 6. 0-0 d6 7. h3 Be6 8. Bb3 h6 9. Be3 Qe7 10. Nd5 Bxd5 11. exd5 Nb8 12. a3 Ba5 13. c4 Nbd7 14. Bc2 Bb6 15. Bxb6 axb6 16. Re1 Nh5 17. d4 Qf6 18. dxe5 Nxe5 19. Nxe5 dxe5 20. Qxh5 Rfe8 21. Qf5 Qxf5 22. Bxf5 g6 23. Bd3 f5 24. f3 Kg7 25. Re2 Kf6 26. Rae1 Re7 27. Kf2 g5 28. g4 f4 29. Bf5 Rh8 30. Be6 h5 31. Rxe5 hxg4 32. Rf5+ Kg6 33. Ree5 gxh3 34. Rxg5+ 1-0

[Event "GER-ch Net Amateur Gr-B Vor2"]
[Site "Playchess.com INT"]
[Date "2020.04.15"]
[Round "6"]
[White "Weidenhoefer, Max"]
[Black "Matthies, Alexander"]
[Result "1-0"]
[WhiteElo "1603"]
[BlackElo "1448"]
[PlyCount "77"]
[EventDate "2020.04.15"]
[EventType "swiss (blitz)"]
[EventRounds "9"]
[EventCountry "GER"]
[SourceTitle "CBM 196 Extra"]
[Source "ChessBase"]
[SourceDate "2020.07.31"]
[SourceVersion "1"]
[SourceVersionDate "2020.07.31"]
[SourceQuality "1"]

1. e4 c5 2. Nf3 d6 3. d4 cxd4 4. Nxd4 Nf6 5. Nc3 a6 6. Be3 e6 7. f3 Be7 8. Qd2 Nbd7 9. 0-0-0 b5 10. g4 h6 11. h4 Nc5 12. Be2 b4 13. Nb1 a5 14. g5 Nfd7 15. gxh6 gxh6 16. Nc6 Qc7 17. Nxe7 Kxe7 18. Bxh6 Bb7 19. Bg5+ f6 20. Bf4 e5 21. Be3 Rac8 22. Bd3 Nxd3+ 23. Qxd3 Nc5 24. Qd2 b3 25. Bxc5 Qxc5 26. axb3 Rc7 27. Na3 Rhc8 28. Nc4 Ba6 29. Na3 Bb5 30. Nxb5 Qxb5 31. Qxd6+ Ke8 32. Qe6+ Kf8 33. Qxf6+ Rf7 34. Qd6+ Ke8 35. Qe6+ Kf8 36. Qxc8+ Kg7 37. Rhg1+ Kf6 38. Qd8+ Ke6 39. Qd6# 1-0

[Event "GER-ch Net Amateur Gr-B Vor1"]
[Site "Playchess.com INT"]
[Date "2020.04.14"]
[Round "8"]
[White "Matthies, Alexander"]
[Black "Kempe, Caius Emilian"]
[Result "1-0"]
[WhiteElo "1422"]
[BlackElo "1598"]
[PlyCount "94"]
[EventDate "2020.04.14"]
[EventType "swiss (blitz)"]
[EventRounds "9"]
[EventCountry "GER"]
[SourceTitle "EXT 2021"]
[Source "ChessBase"]
[SourceDate "2020.10.23"]
[SourceVersion "1"]
[SourceVersionDate "2020.10.23"]
[SourceQuality "1"]

1. e4 c5 2. Nf3 Nc6 3. d4 cxd4 4. Nxd4 g6 5. Be3 Bg7 6. c3 Nf6 7. Nd2 0-0 8. Be2 d6 9. 0-0 Bd7 10. f3 Rc8 11. Rc1 a6 12. Re1 b5 13. Nf1 Ne5 14. Ng3 Nc4 15. Bxc4 bxc4 16. Qd2 Rb8 17. Rb1 Qa5 18. a3 Ba4 19. Bh6 Rb7 20. Bxg7 Kxg7 21. Nc2 Rfb8 22. Nb4 Qb6+ 23. Kh1 a5 24. Na2 Bb3 25. Nc1 Ba4 26. Nce2 Bd7 27. Nf4 Bc6 28. Nd5 Qc5 29. Nxf6 exf6 30. Ne2 d5 31. exd5 Bxd5 32. Nf4 Bc6 33. Red1 Rd7 34. Qc2 a4 35. h3 Rbd8 36. Rxd7 Rxd7 37. Ne2 Re7 38. Nd4 Be8 39. Rd1 Qe5 40. Rd2 Qg3 41. Re2 Qd6 42. Rxe7 Qxe7 43. Qd2 f5 44. Kh2 Qe5+ 45. g3 h6 46. f4 Qe3 47. Qxe3 g5 1-0

[Event "GER-ch Net Amateur Gr-B Vor1"]
[Site "Playchess.com INT"]
[Date "2020.04.14"]
[Round "6"]
[White "Matthies, Alexander"]
[Black "Ullrich, Jan"]
[Result "0-1"]
[WhiteElo "1452"]
[BlackElo "1477"]
[PlyCount "106"]
[EventDate "2020.04.14"]
[EventType "swiss (blitz)"]
[EventRounds "9"]
[EventCountry "GER"]
[SourceTitle "EXT 2021"]
[Source "ChessBase"]
[SourceDate "2020.10.23"]
[SourceVersion "1"]
[SourceVersionDate "2020.10.23"]
[SourceQuality "1"]

1. d4 g6 2. e4 d5 3. Nc3 c6 4. Nf3 Bg7 5. Be3 Bg4 6. Be2 e6 7. exd5 cxd5 8. h3 Bxf3 9. Bxf3 Nc6 10. 0-0 Nge7 11. Ne2 0-0 12. c3 a6 13. Qd2 b5 14. Ng3 Na5 15. Bh6 Nc4 16. Qc1 Bxh6 17. Qxh6 Nxb2 18. Rab1 Nc4 19. Qg5 Nf5 20. Qg4 Nxg3 21. Qxg3 Nd2 22. Rbd1 Nxf1 23. Rxf1 Qa5 24. h4 Qxc3 25. h5 Qxd4 26. h6 Rac8 27. Rd1 Qf6 28. Rd4 Rc4 29. Rxc4 bxc4 30. Be2 Rb8 31. Kh2 Rb2 32. Bd1 Qxf2 33. Qg5 Rb8 34. Ba4 f6 35. Qg4 Qf5 36. Qd1 c3 37. Bd7 c2 38. Qe2 c1Q 39. Bxe6+ Qxe6 40. Qxe6+ Kf8 41. Qd6+ Kf7 42. Qxb8 Qxh6+ 43. Kg3 Qg5+ 44. Kf3 Qf5+ 45. Kg3 Qe5+ 46. Qxe5 fxe5 47. Kf3 Ke6 48. Ke3 Kf5 49. Kd3 d4 50. a3 Kf4 51. a4 Kg3 52. Ke4 Kxg2 53. Kxe5 d3 0-1

[Event "GER-ch Net Amateur Gr-B Vor1"]
[Site "Playchess.com INT"]
[Date "2020.04.14"]
[Round "1"]
[White "Mischke, Christian"]
[Black "Matthies, Alexander"]
[Result "1-0"]
[WhiteElo "1620"]
[BlackElo "1430"]
[PlyCount "89"]
[EventDate "2020.04.14"]
[EventType "swiss (blitz)"]
[EventRounds "9"]
[EventCountry "GER"]
[SourceTitle "EXT 2021"]
[Source "ChessBase"]
[SourceDate "2020.10.23"]
[SourceVersion "1"]
[SourceVersionDate "2020.10.23"]
[SourceQuality "1"]

1. d4 d5 2. Nf3 Nf6 3. e3 Bf5 4. Bd3 Bg6 5. c3 e6 6. Qc2 Nbd7 7. Nbd2 Bd6 8. 0-0 0-0 9. e4 dxe4 10. Nxe4 Nxe4 11. Bxe4 c6 12. Bg5 Qc7 13. h4 Bxe4 14. Qxe4 h6 15. Be3 Nf6 16. Qd3 Rfd8 17. Rad1 c5 18. Qc4 cxd4 19. Qxc7 Bxc7 20. Bxd4 Nd5 21. Rd2 a6 22. g3 Bb6 23. Rfd1 Bc7 24. Be5 Bb6 25. a4 a5 26. Nd4 Rdc8 27. Nb5 Nc7 28. Nd6 Rf8 29. Nxb7 Rab8 30. Nd6 Nd5 31. Nc4 Ba7 32. Bd4 Bxd4 33. cxd4 Nb4 34. Nxa5 Rfc8 35. Nb3 Nc6 36. Nc5 Kf8 37. Nd7+ Ke7 38. Nxb8 Rxb8 39. Rc1 Na5 40. Rc7+ Kf6 41. Rd3 Rb4 42. Rf3+ Kg6 43. Rfxf7 Rxb2 44. Rxg7+ Kh5 45. Rc5+ 1-0

[Event "Niedersachsen-ch U16"]
[Site "Rotenburg/Wuemme"]
[Date "2007.04.06"]
[Round "9"]
[White "Matthies, Alexander"]
[Black "Kaiser, Jonas"]
[Result "1/2-1/2"]
[WhiteElo "1400"]
[BlackElo "1518"]
[PlyCount "64"]
[EventDate "2007.03.31"]
[EventType "swiss"]
[EventRounds "9"]
[EventCountry "GER"]
[SourceTitle "EXT 2008"]
[Source "ChessBase"]
[SourceDate "2007.11.25"]
[SourceVersion "1"]
[SourceVersionDate "2007.11.25"]
[SourceQuality "1"]

1. d4 d5 2. c4 e6 3. Nc3 Nf6 4. Bg5 Be7 5. Nf3 c6 6. e3 Nbd7 7. Bd3 0-0 8. 0-0 dxc4 9. Bxc4 Nd5 10. Bxe7 Qxe7 11. e4 Nxc3 12. bxc3 c5 13. Rc1 b6 14. Re1 Bb7 15. Bd3 cxd4 16. cxd4 Nf6 17. Qd2 Rac8 18. e5 Nd5 19. Rxc8 Rxc8 20. Be4 h6 21. Rc1 Qd7 22. Rxc8+ Qxc8 23. h3 Qc4 24. Bd3 Qb4 25. Qc2 Qc3 26. Qxc3 Nxc3 27. a3 Kf8 28. Nd2 Bd5 29. f3 b5 30. Kf2 a5 31. Ne4 Nxe4+ 32. fxe4 Bc6 1/2-1/2

[Event "Niedersachsen-ch U16"]
[Site "Rotenburg/Wuemme"]
[Date "2007.04.05"]
[Round "8"]
[White "Kyas, Philipp"]
[Black "Matthies, Alexander"]
[Result "1-0"]
[WhiteElo "1622"]
[BlackElo "1400"]
[PlyCount "101"]
[EventDate "2007.03.31"]
[EventType "swiss"]
[EventRounds "9"]
[EventCountry "GER"]
[SourceTitle "EXT 2008"]
[Source "ChessBase"]
[SourceDate "2007.11.25"]
[SourceVersion "1"]
[SourceVersionDate "2007.11.25"]
[SourceQuality "1"]

1. d4 d5 2. Bf4 Nf6 3. e3 e6 4. c4 Nbd7 5. Nc3 c6 6. Nf3 Bb4 7. Qb3 Qa5 8. Rc1 0-0 9. h3 Re8 10. Be2 c5 11. 0-0 Bxc3 12. bxc3 b6 13. Ne5 Nxe5 14. Bxe5 dxc4 15. Bxc4 Ne4 16. Qc2 f5 17. f3 Ng5 18. Bf4 Nf7 19. Qb3 Bd7 20. Rb1 cxd4 21. cxd4 Qa4 22. Qd3 Rac8 23. Bb3 Qa5 24. Rfc1 Rxc1+ 25. Rxc1 Bb5 26. Qc3 Qxc3 27. Rxc3 g5 28. Bh2 Re7 29. a4 Ba6 30. Rc6 Kg7 31. Rxe6 Rxe6 32. Bxe6 Kf6 33. Bxf7 Kxf7 34. Bb8 b5 35. axb5 Bxb5 36. Bxa7 Ke6 37. Kf2 Kd5 38. g3 Bd7 39. g4 Ke6 40. Bb6 Ke7 41. e4 fxe4 42. fxe4 Bc6 43. d5 Be8 44. Ke3 Kd6 45. Kd4 h5 46. e5+ Ke7 47. e6 hxg4 48. hxg4 Ba4 49. Ke5 Bd1 50. d6+ Ke8 51. d7+ 1-0

[Event "Niedersachsen-ch U16"]
[Site "Rotenburg/Wuemme"]
[Date "2007.04.01"]
[Round "2"]
[White "Bor, Tobias"]
[Black "Matthies, Alexander"]
[Result "1-0"]
[WhiteElo "1702"]
[BlackElo "1400"]
[PlyCount "115"]
[EventDate "2007.03.31"]
[EventType "swiss"]
[EventRounds "9"]
[EventCountry "GER"]
[SourceTitle "EXT 2008"]
[Source "ChessBase"]
[SourceDate "2007.11.25"]
[SourceVersion "1"]
[SourceVersionDate "2007.11.25"]
[SourceQuality "1"]

1. Nf3 d5 2. d4 Nf6 3. e3 e6 4. c4 Nbd7 5. Nc3 c6 6. a3 Bd6 7. Be2 0-0 8. 0-0 Re8 9. Qc2 dxc4 10. Bxc4 e5 11. dxe5 Nxe5 12. Be2 a6 13. Rd1 Qc7 14. h3 Nxf3+ 15. Bxf3 Be6 16. e4 Bc5 17. b4 Bb6 18. Ne2 Rad8 19. Bb2 Rxd1+ 20. Rxd1 Qe7 21. Nf4 Bc7 22. e5 Nd7 23. Nxe6 fxe6 24. Qe4 Nf8 25. Bg4 Ng6 26. Bh5 Qg5 27. Bxg6 hxg6 28. Rd7 Bb6 29. Rxb7 Bxf2+ 30. Kxf2 Qd2+ 31. Kg1 Qxb2 32. Qxg6 Qd4+ 33. Kh1 Qa1+ 34. Kh2 Qxe5+ 35. Qg3 Qxg3+ 36. Kxg3 Rd8 37. a4 Rd4 38. Rb6 e5 39. Kf3 Kf7 40. Rxc6 Rxb4 41. Rxa6 Ke7 42. Ke3 g5 43. g4 Kd7 44. a5 Ra4 45. Rg6 Rxa5 46. Ke4 Ra3 47. Rxg5 Rxh3 48. Rxe5 Rg3 49. Kf4 Rg1 50. Kg5 Kd6 51. Re2 Kd7 52. Kh5 Rh1+ 53. Kg6 Rh8 54. Kg7 Rc8 55. g5 Rc7 56. g6 Kd6+ 57. Kh8 Rc8+ 58. Kh7 1-0